Faktory rastu verejných výdavkov bakalárska práca

Na minha lista:
Detalhes bibliográficos
Autor principal: Krajčovič, Peter
Autor Corporativo: Národohospodárska fakulta EU. Katedra financií
Outros Autores: Kristeľ, Marián
Formato: Livro
Idioma:eslovaco
Publicado em: Bratislava 2009
Tags: Adicionar Tag
Sem tags, seja o primeiro a adicionar uma tag!

MARC

LEADER 00000nam$a2200000$$$4500
001 0103198
005 20240318141258.5
041 0 |a slo 
044 |a SK 
245 1 0 |a Faktory rastu verejných výdavkov  |b bakalárska práca  |c Peter Krajčovič ; škol. Marián Kristeľ 
264 1 |a Bratislava  |c 2009 
300 |a 43 s. 
100 1 |a Krajčovič, Peter 
700 1 |a Kristeľ, Marián 
710 2 |a Národohospodárska fakulta EU. Katedra financií